000 00428nam a22001817a 4500
003 MPLRDC
005 20220104143457.0
008 210129b ||||| |||| 00| 0 eng d
082 _a097 ZX-3
100 _a朱熹集注
245 _a四书白话句解
_c
250 _a初版
260 _a
_b风华出版事业公司
_c1993
300 _b
490 _a中国古典文学
650 _a四书
942 _cBK
_o097 ZX-3
999 _c40292
_d40282